000 01099nam a2200193Ia 4500
008 081213s9999 xx 000 0 und d
050 _a922.3
_bIRE
082 _a922.3
_bIRE
100 _aIremonger,F.A
245 _aWilliam temple:
_bArchbishop of canterbury:His life and letters.
260 _c1948
_aLondon
_bOxford University Press.
300 _axv,663 p.
_bIncludes:Index and plates(black& white)
_c23 cm.
650 _aTemple,William,Abp. of canterbury 1881-1944
942 _cBK
_2lcc
999 _c4572
_d4572